Ako milovať

Saved in:
Bibliographic Details
Main Author Richo, David
Format Electronic eBook
LanguageCzech
Published Alferia SK 2024
Edition1. elektronické vydání
Subjects
Online AccessDostupné v BOOKPORT po přihlášení pomocí eduID
ISBN978-80-8090-851-5
978-80-8090-849-2
Physical Description1 online zdroj (328 stran)

Cover

LEADER 00000nam a2200000 i 4500
001 bkp100289
003 CZ-prgp
005 20240827154037.0
006 m o d
007 cr cn
008 240827s2024 xr o 000 0 cze
020 |a 978-80-8090-851-5  |c 457 Kč  |q (online ; epub) 
020 |a 978-80-8090-849-2  |c 537 Kč  |q (print) 
040 |a Grada  |b cze  |e rda 
100 1 |a Richo, David 
245 1 0 |a Ako milovať  |c David Richo 
250 |a 1. elektronické vydání 
264 1 |b Alferia SK  |c 2024 
300 |a 1 online zdroj (328 stran) 
336 |a text  |b txt  |2 rdacontent 
337 |a počítač  |b c  |2 rdamedia 
338 |a online zdroj  |b cr  |2 rdacarrier 
520 3 |a "Naše ego hľadá lásku, ale najprv ju musíme nájsť v sebe. Až keď sa nám to podarí, môžeme vystrieť ruku k druhým ako bohatí ľudia, ktorí sa chcú podeliť o svoj majetok, a nie ako žobráci, ktorí sa ho snažia uchmatnúť." 
650 0 4 |a Mindfulness 
650 0 4 |a Sebepoznání 
650 0 4 |a Vztahy, láska, rodina 
856 4 0 |u https://www.bookport.cz/AccountSaml/SignIn/?idp=https://shibboleth.utb.cz/idp/shibboleth&returnUrl=/kniha/ako-milovat-12852/  |y Dostupné v BOOKPORT po přihlášení pomocí eduID